Highest Rated Metallica Songs - Statistics

General Stats
  • This quiz has been taken 52 times
  • The average score is 27 of 50
Answer Stats
# Album User Rating Answer % Correct
1 Master of Puppets 97.94 Master of Puppets
100%
2 ...And Justice for All 97.64 One
92%
4 Master of Puppets 96.00 Battery
89%
6 Ride the Lightning 95.24 Creeping Death
86%
3 Ride the Lightning 96.72 Fade to Black
86%
5 Ride the Lightning 95.79 For Whom the Bell Tolls
86%
16 Metallica 92.20 Enter Sandman
78%
11 Ride the Lightning 92.92 Ride the Lightning
78%
7 Master of Puppets 95.13 Welcome Home (Sanitarium)
78%
8 Master of Puppets 95.10 Disposable Heroes
75%
10 ...And Justice for All 94.10 Blackened
72%
9 Master of Puppets 94.80 Orion
72%
12 Master of Puppets 92.70 Damage, Inc.
69%
13 Metallica 92.59 The Unforgiven
69%
14 Ride the Lightning 92.50 Fight Fire with Fire
67%
15 Ride the Lightning 92.33 The Call of Ktulu
64%
21 Metallica 90.57 Nothing Else Matters
61%
22 Metallica 90.49 Sad But True
61%
20 ...And Justice for All 90.81 ...And Justice for All
58%
19 Master of Puppets 91.01 Leper Messiah
58%
28 Kill 'em All 87.63 Seek & Destroy
58%
17 Master of Puppets 91.15 The Thing That Should Not Be
58%
24 Metallica 89.24 Wherever I May Roam
58%
18 ...And Justice for All 91.15 Dyers Eve
56%
30 Reload 86.53 Fuel
53%
23 Kill 'em All 89.51 The Four Horsemen
53%
29 Ride the Lightning 87.51 Trapped Under Ice
53%
31 Kill 'em All 85.39 Hit the Lights
50%
26 ...And Justice for All 88.64 To Live Is To Die
50%
27 ...And Justice for All 87.83 Harvester of Sorrow
47%
25 Hardwired... To Self-Destruct 88.92 Spit Out The Bone
47%
37 Kill 'em All 84.04 Whiplash
47%
40 Ride the Lightning 81.46 Escape
42%
41 Load 81.26 King Nothing
42%
33 ...And Justice for All 84.86 The Shortest Straw
42%
36 Death Magnetic 84.45 All Nightmare Long
39%
34 ...And Justice for All 84.71 Eye of the Beholder
39%
35 Hardwired... To Self-Destruct 84.46 Moth Into Flame
39%
32 ...And Justice for All 84.89 The Frayed Ends of Sanity
39%
38 Death Magnetic 83.01 The Day That Never Comes
36%
47 Hardwired... To Self-Destruct 79.38 Atlas, Rise!
31%
43 Metallica 80.83 Holier Than Thou
31%
39 Metallica 82.54 My Friend of Misery
31%
42 Kill 'em All 81.10 Phantom Lord
31%
49 Hardwired... To Self-Destruct 78.97 Hardwired
28%
48 Death Magnetic 79.13 That Was Just Your Life
28%
50 Kill 'em All 78.93 No Remorse
25%
46 Metallica 80.06 The God That Failed
25%
44 Load 80.24 The Outlaw Torn
25%
45 Kill 'em All 80.13 Jump In the Fire
22%
No matching quizzes found
Score Distribution
Percent of People with Each Score
Percentile by Number Answered
Your Score History
You have not taken this quiz